• 首页
  • 本馆介绍
  • 公告通知
  • 最新文献
  • 馆藏检索
  • 电子资源
  • 读者导购
  • 参考咨询
  • 我的图书馆
  • 登录
  • 详细信息显示
  • 放入我的书架
  • 预约/预借图书
  • 作者相关作品
  • 分类相关作品
  • 丛书相关作品
  • 出版社相关作品

书目信息

  • 表格格式
  • 工作单格式
  • 卡片格式
题名:
凡·高
    
 
作者: 余志慧 编著
分册:  
出版信息: 合肥   黄山书社  2015
页数: 170页
开本: 19cm
丛书名: 中外名人传记
单 册:
中图分类: K835.635.72
科图分类:
主题词: 凡高,V.(1853~1890)--传记--青年读物 , 凡高,V.(1853~1890)--传记--少年读物
电子资源:
ISBN: 978-7-5461-3781-0
000 01182oam2 2200265 450
001 1648709160
005 20161013202613.37
010    @a978-7-5461-3781-0@dCNY12.50
100    @a20130902d2015 em y0chiy0110 ea
101 0  @achi
102    @aCN@b340000
105    @ay z 000yy
106    @ar
200 1  @a凡·高@9fan · gao@f余志慧编著
210    @a合肥@c黄山书社@d2015
215    @a170页@d19cm
225 2  @a中外名人传记
330    @a当下有很多孩子只听说过这些人,知道他们是有卓越成就的伟人。孩子们很仰慕崇拜这些名人,但实际并不很清楚他们真正有什么成就,怎么得来的成就,成功的秘密是什么……这套书完美地解答了这些问题,介绍成功者孩童时期对生活的憧景、学习成长、奋斗成材直到影响世界取得卓越成就。凡·高是表现主义的先驱,他的作品虽然没有被当时的人们接受,却对西方二十世纪的绘画艺术产生了深远的影响。他漠视学院派珍视的教条,甚至忘记自己的理性。本书介绍了凡·高用全部身心拥抱艺术,为艺术献身的人生历程。
461  0 @12001 @a中外名人传记
606 0  @a凡高,V.(1853~1890)@x传记@x青年读物
606 0  @a凡高,V.(1853~1890)@x传记@x少年读物
690    @aK835.635.72@v4
701  0 @a余志慧@9yu zhi hui@4编著
801  0 @aCN@bMUSE@c20161013
905    @aBZT@dK835.635.72@e4
    
    凡·高/余志慧编著.-合肥:黄山书社,2015
    170页;19cm.-(中外名人传记)
    
    
    ISBN 978-7-5461-3781-0:CNY12.50
    当下有很多孩子只听说过这些人,知道他们是有卓越成就的伟人。孩子们很仰慕崇拜这些名人,但实际并不很清楚他们真正有什么成就,怎么得来的成就,成功的秘密是什么……这套书完美地解答了这些问题,介绍成功者孩童时期对生活的憧景、学习成长、奋斗成材直到影响世界取得卓越成就。凡·高是表现主义的先驱,他的作品虽然没有被当时的人们接受,却对西方二十世纪的绘画艺术产生了深远的影响。他漠视学院派珍视的教条,甚至忘记自己的理性。本书介绍了凡·高用全部身心拥抱艺术,为艺术献身的人生历程。
●
相关链接 在五车中查询图书 在当当中查询图书 在豆瓣中查询图书


正题名:凡·高     索取号:K835.635.72/4         预约/预借

序号 登录号 条形码 馆藏地/架位号 状态 备注
1 811461   2000811461   第二书库/ [索取号:K835.635.72/4] 在馆    
2 811462   2000811462   第二书库/ [索取号:K835.635.72/4] 在馆    
3 811463   2000811463   第二书库/ [索取号:K835.635.72/4] 已借出,限还日期为2026.04.23
借出人:刘佳琪  
 
山东省滨州职业学院图书馆 欢迎您!
大连网信软件有限公司© 版权所有